The shadow picture problem for nonintersecting curves
We prove that two strictly convex bodies in the plane subtending the same angles at each of the points of two parallel straight lines and a big closed curve, must coincide.
Elmentve itt :
| Szerző: | |
|---|---|
| Dokumentumtípus: | Cikk |
| Megjelent: |
1996
|
| Sorozat: | GEOMETRIAE DEDICATA
59 No. 1 |
| doi: | 10.1007/BF00181528 |
| mtmt: | 1118120 |
| Online Access: | http://publicatio.bibl.u-szeged.hu/15954 |
| LEADER | 00822nab a2200205 i 4500 | ||
|---|---|---|---|
| 001 | publ15954 | ||
| 005 | 20221028083739.0 | ||
| 008 | 190703s1996 hu o 0|| angol d | ||
| 022 | |a 0046-5755 | ||
| 024 | 7 | |a 10.1007/BF00181528 |2 doi | |
| 024 | 7 | |a 1118120 |2 mtmt | |
| 040 | |a SZTE Publicatio Repozitórium |b hun | ||
| 041 | |a angol | ||
| 100 | 1 | |a Kurusa Árpád | |
| 245 | 1 | 4 | |a The shadow picture problem for nonintersecting curves |h [elektronikus dokumentum] / |c Kurusa Árpád |
| 260 | |c 1996 | ||
| 300 | |a 103-112 | ||
| 490 | 0 | |a GEOMETRIAE DEDICATA |v 59 No. 1 | |
| 520 | 3 | |a We prove that two strictly convex bodies in the plane subtending the same angles at each of the points of two parallel straight lines and a big closed curve, must coincide. | |
| 856 | 4 | 0 | |u http://publicatio.bibl.u-szeged.hu/15954/1/shadowpr.pdf |z Dokumentum-elérés |